Capital City By Picture Europe Edition - Statistics

General Stats
  • This quiz has been taken 102 times
  • The average score is 12 of 15
Answer Stats
Picture Answer % Correct
Rome
98%
Athens
97%
London
97%
Paris
97%
Copenhagen
87%
Sofia
83%
Warsaw
83%
Madrid
81%
Oslo
81%
Vienna
76%
Bucharest
71%
Kiev
70%
Minsk
68%
Bratislava
63%
Ljubljana
63%
No matching quizzes found
Score Distribution
Percent of People with Each Score
Percentile by Number Answered
Your Score History
You have not taken this quiz